| 000 | 00380nam a2200145Ia 4500 | ||
|---|---|---|---|
| 008 | 120912t2000 xxu||||| |||| 00| 0 eng d | ||
| 041 | _aeng | ||
| 080 |
_a8-31 _bJAY |
||
| 245 | 4 | _aThe Land Of The Golden Lions | |
| 260 |
_aSarvodaya Vishva Lekha Publication _aRatmalana _c2000 |
||
| 300 | _b180p, 21 cm | ||
| 942 | _cBK | ||
| 999 |
_c40320 _d40320 |
||
| 003 | LK-CoDNM | ||
| 040 |
_aLK-CoDNM _dLK-CoDNM _eLK-CoDNM |
||